| 000 | 01042nam a2200289Ia 4500 | ||
|---|---|---|---|
| 005 | 20220317001130.0 | ||
| 008 | 160825s9999 xx 000 0 und d | ||
| 020 | _a97884206557012 | ||
| 082 | 0 | 4 |
_a193 _bS13s |
| 100 | 1 |
_aSchopenhauer, Arthur _d1788-1860 |
|
| 245 | 1 | 0 |
_aSobre la voluntad en la naturaleza _cArthur Schopenhauer ; traducido por Miguel de Unamuno ; prólogo y notas de Santiago González Noriega |
| 250 |
_a1a. edición _b2a. reimpresión |
||
| 300 |
_a209 páginas _c18 cm |
||
| 490 |
_aHumanidades _pfilosofia |
||
| 500 | _aIncluye notas y cuadro cronológico | ||
| 534 | _tUber die wille in der natur | ||
| 650 | 1 | 4 |
_2LEMB _aFilosofía alemana |
| 650 | 1 | 4 |
_2LEMB _aFilosofía de la naturaleza |
| 650 | 1 | 4 |
_2LEMB _aMetafísica |
| 700 | 1 |
_aUnamuno, Miguel de _d1864-1936 _etraductor _966573 |
|
| 942 |
_2ddc _cBK |
||
| 264 |
_aMadrid _bAlianza _c2009 |
||
| 336 |
_atexto _btxt _2rdacontent |
||
| 337 |
_asin mediación _bn _2rdamedia |
||
| 338 |
_avolumen _bnc _2rdacarrier |
||
| 040 |
_aCO-BoRNBP _bspa _erda _cCO-BoRNBP |
||
| 999 |
_c6019 _d6019 |
||